Peep Show Minor Characters - Statistics

General Stats
  • This quiz has been taken 666 times
  • The average score is 12 of 20
Answer Stats
Hint Answer % Correct
Musician for whom Jeremy works as a 'handyman' The Orgazoid
94%
Formerly bullied classmate of Jeremy, now very successful Gog
91%
Mentally unstable carpenter/painter Andy
87%
Australian woman who briefly moves in with Mark Saz
86%
Mark's new friend who turns out to be a racist Daryl
82%
Schoolfriend of Mark, with whom he nearly has an affair Sally Slater
79%
University friend of Mark and Jeremy who suffers a manic episode Merry
78%
Husband of above Foz
77%
Sophie's socially awkward, musically-inclined cousin Barney Chapman
63%
Husband of April and Byzantine Empire enthusiast Angus
61%
Goth teenager who goes on a date with Mark to a bowling alley Valerie
61%
Irritating man who moves in with Mark when Jeremy moves out Jerry
58%
Personal trainer accused of defaecating in a swimming pool by Mark Matt Townsend
57%
Briefly manages Jeremy and Super Hans' band Cally
50%
Petty criminal who has a brief (illegal) relationship with Jeremy Carla
50%
Sophie's socially awkward, musically-inclined brother Jamie Chapman
31%
Sophie's mother Penny Chapman
29%
Mark's father Dan Corrigan
25%
Mark's mother Pam Corrigan
17%
Jeremy's mother Jackie Usborne
16%
No matching quizzes found
Score Distribution
Percent of People with Each Score
Percentile by Number Answered
Your Score History
You have not taken this quiz